000 00722nam a22002417a 4500
999 _c165907
_d165907
005 20190704155939.0
010 _aA-791127
020 _a-
_c50.00
035 _aA-791127
037 _bBPPD/Ven.
_adpl
082 _aن
100 _aا ے آ ر خا تو ن
245 _aگل با نو
_cا ے آ ر خا تو ن
_hUrdu
246 _aGul Bano(Urdu)
_bby A.R. Khatoon
250 _a1995
260 _aN.Delhi 5
_bAhluwalia Book Depot
270 _a9988,New Rohtak Road,Gali No.6 Saray Rohila,
300 _a152ص
_c22cm(Hbk)
490 _aJaico illustrated classics series
942 _2ddc
_cUR
_mا ے آ
_hن